Simplified design : (Record no. 546764)
[ view plain ]
| 000 -LEADER | |
|---|---|
| fixed length control field | 00688nam a2200193 a 4500 |
| 020 ## - INTERNATIONAL STANDARD BOOK NUMBER | |
| International Standard Book Number | 089312043X (pbk.) |
| 082 00 - DEWEY DECIMAL CLASSIFICATION NUMBER | |
| Classification number | 624.1771 |
| Author Mark | SIM |
| -- | L-19, P-100 |
| 245 00 - TITLE STATEMENT | |
| Title | Simplified design : |
| Remainder of title | reinforced concrete buildings of moderate size and height / |
| Statement of responsibility, etc. | edited by Gerald B. Neville. |
| 250 ## - EDITION STATEMENT | |
| Edition statement | 1st ed. |
| 260 ## - PUBLICATION, DISTRIBUTION, ETC. | |
| Place of publication, distribution, etc. | Skokie, Ill. : |
| Name of publisher, distributor, etc. | Portland Cement Association, |
| Date of publication, distribution, etc. | c1984. |
| 300 ## - PHYSICAL DESCRIPTION | |
| Extent | 1 v. (various pagings) : |
| Other physical details | ill. ; |
| Dimensions | 28 cm. |
| 526 ## - STUDY PROGRAM INFORMATION NOTE | |
| Program name | 0 |
| Interest level | 0 |
| Reading level | 0 |
| Title point value | 624_177100000000000_SIM |
| 650 #0 - SUBJECT ADDED ENTRY--TOPICAL TERM | |
| Topical term or geographic name entry element | MCE |
| 9 (RLIN) | 379 |
| 650 #0 - SUBJECT ADDED ENTRY--TOPICAL TERM | |
| Topical term or geographic name entry element | Reinforced concrete construction. |
| 650 #0 - SUBJECT ADDED ENTRY--TOPICAL TERM | |
| Topical term or geographic name entry element | Structural design. |
| 700 1# - ADDED ENTRY--PERSONAL NAME | |
| Personal name | Neville, Gerald B. |
| 9 (RLIN) | 42958 |
| 710 2# - ADDED ENTRY--CORPORATE NAME | |
| Corporate name or jurisdiction name as entry element | Portland Cement Association. |
| 9 (RLIN) | 20051 |
| 942 ## - ADDED ENTRY ELEMENTS (KOHA) | |
| Source of classification or shelving scheme | |
| Koha item type | Book |
| Withdrawn status | Lost status | Source of classification or shelving scheme | Damaged status | Not for loan | Permanent Location | Current Location | Date acquired | Total Checkouts | Full call number | Barcode | Date last seen | Price effective from | Koha item type |
|---|---|---|---|---|---|---|---|---|---|---|---|---|---|
| Military College of Engineering (MCE) | Military College of Engineering (MCE) | 06/18/2014 | 624.1771 SIM | MCE-26372 | 06/18/2014 | 06/18/2014 | Book |
